| 000 | 00886nam a2200265Ia 4500 | ||
|---|---|---|---|
| 005 | 20220316235841.0 | ||
| 008 | 121119s2003 ck grl 000 0 spa | ||
| 020 | _a958653331X | ||
| 041 | 0 | _aspa | |
| 082 | 0 | 4 |
_aR344.05 _bC64c |
| 110 | 1 |
_aColombia _921445 |
|
| 240 | 1 | 0 | _aCódigo nacional de policía |
| 245 | 1 | 0 | _aCódigo nacional de policía decreto 1355 de 1970 y código nacional de tránsito terrestre ley 769 de 2002 |
| 250 | _aPrimera edición | ||
| 300 |
_a509 páginas _c17 cm |
||
| 650 | 1 | 4 |
_aPolicía _xLegislación _zColombia _2LEMB |
| 650 | 1 | 4 |
_aAdministración de justicia penal _zColombia _2LEMB |
| 650 | 1 | 4 |
_aDerecho penal _zColombia _2LEMB |
| 942 |
_2ddc _cREF |
||
| 264 |
_aBogotá _bLegis _c2003 |
||
| 336 |
_atexto _btxt _2rdacontent |
||
| 337 |
_asin mediación _bn _2rdamedia |
||
| 338 |
_avolumen _bnc _2rdacarrier |
||
| 040 |
_aCO-BoRNBP _bspa _erda _cCO-BoRNBP |
||
| 999 |
_c2377 _d2377 |
||